000 00560nam a2200181Ia 4500
008 151018s9999 xx 000 0 und d
082 _bRBASDV22026
_a891.463
100 _aउत्तम बंडू तुपे
245 _aकळासी
250 _b1
260 _bचंद्रकला प्रकाशन पुणे
_c1988
300 _a124
600 _aउत्तम बंडू तुपे
630 _aकळासी
700 _aउत्तम बंडू तुपे
730 _aकळासी
942 _cBOOK
999 _c1021698
_d1021695